Net.speak the internet dictionary

Saved in:
Bibliographic Details
Main Author: Fahey, Tom
Other Authors: Prevost, Ruffin (Editor)
Format: Book
Language:English
Published: Hayden books, 1994
Subjects:
Tags: Add Tag
No Tags, Be the first to tag this record!

MARC

LEADER 00000nam a2200000 i 4500
001 1/22175
008 960710s1994 eng d
020 |a 1-56830-095-6 
035 |l 10021850 
040 |a GR-MY-UA  |b gre  |e aacr 
041 0 |a eng 
082 0 |a 004.67 
100 1 |a Fahey, Tom. 
245 1 0 |a Net.speak the internet dictionary /  |c Tom Fahey,Edited by:Ruffin Prevost 
260 |b Hayden books,   |c 1994 
650 0 0 |a Internet  |x Dictionaries. 
650 0 0 |a Computer science  |x Dictionaries. 
700 1 |a Prevost, Ruffin.  |4 edt 
852 |a INST  |b CHIOS  |e 19960710  |h 004.67 FAH  |p 005200007261  |q 005200007261  |t REF  |y 23 
909 |a Χ  |b 038465